| 000 | 00552nam a2200181Ia 4500 | ||
|---|---|---|---|
| 003 | OSt | ||
| 005 | 20260326110423.0 | ||
| 008 | 211028s2008 xx 000 0 und d | ||
| 040 | _cAIMIT LIBRARY | ||
| 041 | _aeng | ||
| 082 | _a658.8 BHAR | ||
| 100 |
_aBharat V;Shanbhag, Santhosh. _g60471310 _95881 |
||
| 245 | _aCustomer satisfaction towards after sales service of toyota: a study with reference to united toyota Mangalore / | ||
| 260 |
_bShanbhag, Santhosh _c2008 |
||
| 600 |
_aMarketing _95882 |
||
| 650 |
_aMarketing _95883 |
||
| 942 |
_2ddc _cPRO |
||
| 999 |
_c218052 _d218052 |
||